000 00249nam a2200097Ia 4500
001 719752
005 20250826163049.0
008 250824s9999 xx 000 0 und d
245 0 _aSOKAKLARDAN BİR ALİ
_cCANAN TAN
260 _bALTIN KİTAPLAR YAYINLARI
999 _c719752
_d719752